[Event "Vietnam National Masters Men 2012"]
[Site "Ho Chi Minh City VIE"]
[Date "2012.12.01"]
[Round "4.9"]
[White "Duong,Thu"]
[Black "Nguyen Thanh Nghia"]
[Result "0-1"]
[WhiteElo "2018"]
[BlackElo "2114"]
[WhiteFideId "12402443"]
[BlackFideId "12401870"]
[EventDate "2012.11.29"]

1. e4 c5 2. Nf3 d6 3. c3 Nf6 4. Bd3 g6 5. O-O Bg7 6. h3 O-O 7. Re1 Nc6 8. Bf1 e5
9. d4 cxd4 10. cxd4 exd4 11. Nxd4 d5 12. exd5 Nxd4 13. Qxd4 Nxd5 14. Qa4 Be6 15.
Nd2 a6 16. Ne4 Rc8 17. Ng5 Bf5 18. Qb3 b5 19. Nf3 Bc2 20. Qa3 Qb6 21. Bd2 b4 22.
Qxa6 Bxb2 23. Qxb6 Nxb6 24. Bxb4 Bxa1 25. Rxa1 Rfd8 26. Ba5 Rd6 27. Bxb6 Rxb6
28. a4 Rd8 29. a5 Rb1 30. Rxb1 Bxb1 31. Bc4 Rd1+ 32. Kh2 Bd3 33. Bb3 Rb1 34.
Bxf7+ Kxf7 35. Ne5+ Kf6 36. Nxd3 Ra1 37. f3 Rxa5 38. Kg3 Rd5 39. Nf2 Ra5 40.
Ne4+ Kf5 41. Nd6+ Ke6 42. Ne4 h6 43. Kf4 Rf5+ 44. Kg4 Ke5 45. h4 Rf4+ 46. Kg3
Rf7 47. Nf2 h5 48. Nd3+ Kd4 49. Nf4 Rf6 50. Ne2+ Ke3 51. Nc3 Rf5 52. Ne4 Ke2 53.
Ng5 Kf1 54. Nh3 Rf6 55. Ng5 Ra6 56. Kh3 Ra1 57. Ne4 Ra3 58. Nd2+ Kg1 59. Nc4 Ra2
60. g4 Kf2 61. Ne5 Ra1 62. Kh2 Ra6 63. g5 Re6 64. f4 Ke3 65. Kg3 Ke4 66. Nd7 Rc6
67. Nf6+ Kf5 68. Nd5 Ra6 69. Ne7+ Ke4 70. f5 gxf5 71. g6 f4+ 72. Kf2 Ra2+ 73.
Kf1 Kf3 74. Kg1 Rg2+ 75. Kh1 Rg4 0-1

[Event "Vietnam National Masters Men 2012"]
[Site "Ho Chi Minh City VIE"]
[Date "2012.12.01"]
[Round "4.10"]
[White "Pham Duc Thang"]
[Black "Le Thanh Tai"]
[Result "1-0"]
[WhiteTitle "FM"]
[BlackTitle "CM"]
[WhiteElo "2206"]
[BlackElo "1943"]
[WhiteFideId "12401420"]
[BlackFideId "12402192"]
[EventDate "2012.11.29"]

1. d4 d5 2. c4 c6 3. Nf3 Nf6 4. Nc3 dxc4 5. e3 b5 6. a4 Nd5 7. Ne5 e6 8. axb5
Bb4 9. Qa4 Bxc3+ 10. bxc3 Nxc3 11. Qxc4 Nxb5 12. Nxc6 Nxc6 13. Qxb5 Bd7 14. Qc5
Rb8 15. Be2 Qb6 16. Ba3 Qxc5 17. Bxc5 a5 18. O-O Kd8 19. e4 Rb2 20. Bf3 Rd2 21.
d5 Ne5 22. Rxa5 Rc2 23. Bd1 Rc1 24. dxe6 fxe6 25. Bb6+ Ke7 26. Rxe5 Kd6 27. Ra5
Rb8 28. Be3 1-0

[Event "Vietnam National Masters Men 2012"]
[Site "Ho Chi Minh City VIE"]
[Date "2012.12.01"]
[Round "4.11"]
[White "Ton,T"]
[Black "Le,Cong Cuong"]
[Result "1-0"]
[WhiteTitle "IM"]
[WhiteElo "2209"]
[BlackElo "2113"]
[WhiteFideId "12401439"]
[BlackFideId "12403504"]
[EventDate "2012.11.29"]

1. d4 Nf6 2. c4 b6 3. Nc3 Bb7 4. f3 d6 5. e4 e6 6. Bg5 Be7 7. Qd2 Nbd7 8. d5 e5
9. Be3 O-O 10. Bd3 Ne8 11. Nge2 g6 12. g4 Ng7 13. O-O-O Nc5 14. Bc2 Bc8 15. Rdg1
a6 16. h4 Rb8 17. b4 Nd7 18. g5 f5 19. exf5 Nxf5 20. h5 Kg7 21. Bxf5 Rxf5 22.
hxg6 hxg6 23. Ng3 Rxf3 24. Qh2 Nf8 25. Qh6+ Kf7 26. Rf1 Rf5 27. Nxf5 Bxf5 28.
Rxf5+ gxf5 29. g6+ Nxg6 30. Qh7+ Kf6 31. Bg5+ Kxg5 32. Rg1+ Kf4 33. Qh2+ 1-0

[Event "Vietnam National Masters Men 2012"]
[Site "Ho Chi Minh City VIE"]
[Date "2012.12.02"]
[Round "5.5"]
[White "Hoang Canh Huan"]
[Black "Cao,S"]
[Result "1/2-1/2"]
[WhiteTitle "FM"]
[BlackTitle "GM"]
[WhiteElo "2391"]
[BlackElo "2497"]
[WhiteFideId "12400599"]
[BlackFideId "725056"]
[EventDate "2012.11.29"]

1. Nf3 Nf6 2. g3 b5 3. Bg2 Bb7 4. O-O e6 5. d3 Be7 6. e4 d6 7. a4 b4 8. a5 O-O
9. c3 Na6 10. Re1 Rb8 11. Be3 c5 12. h3 d5 13. e5 Nd7 14. Bf4 bxc3 15. bxc3 Bc6
16. h4 Rb5 17. Ng5 Rxa5 18. Na3 Nab8 19. Qg4 Nb6 20. Nc2 Rxa1 21. Rxa1 Qd7 22.
Qh5 Bxg5 23. Bxg5 d4 24. Bf6 Kh8 25. Bxg7+ 1/2-1/2

[Event "Vietnam National Masters Men 2012"]
[Site "Ho Chi Minh City VIE"]
[Date "2012.12.02"]
[Round "5.6"]
[White "Tran Ngoc Thach"]
[Black "Bao Khoa"]
[Result "0-1"]
[BlackTitle "IM"]
[WhiteElo "2174"]
[BlackElo "2279"]
[WhiteFideId "12400416"]
[BlackFideId "12401501"]
[EventDate "2012.11.29"]

1. d4 Nf6 2. c4 e6 3. Nc3 Bb4 4. Qc2 O-O 5. a3 Bxc3+ 6. Qxc3 b6 7. Bg5 Bb7 8. f3
d5 9. e3 Nbd7 10. Nh3 h6 11. Bh4 c5 12. dxc5 Rc8 13. cxb6 Qxb6 14. Bf2 e5 15.
Be2 e4 16. b3 Rfe8 17. Qb4 dxc4 18. bxc4 Ne5 19. f4 Nd3+ 20. Bxd3 exd3 21. Qxb6
axb6 22. O-O Rxc4 23. e4 Nxe4 24. Bxb6 Rc2 25. Nf2 Nc3 26. Kh1 Nd5 27. Nxd3 Nxb6
28. Ne1 Rb2 29. h3 Ree2 30. Rg1 Be4 31. Kh2 Nd5 32. Kg3 Ra2 33. Rxa2 Rxa2 34.
Rf1 Ne3 0-1

[Event "Vietnam National Masters Men 2012"]
[Site "Ho Chi Minh City VIE"]
[Date "2012.12.02"]
[Round "5.7"]
[White "Nguyen Thanh Nghia"]
[Black "Pham Duc Thang"]
[Result "0-1"]
[BlackTitle "FM"]
[WhiteElo "2114"]
[BlackElo "2206"]
[WhiteFideId "12401870"]
[BlackFideId "12401420"]
[EventDate "2012.11.29"]

1. e4 e6 2. d4 d5 3. e5 c5 4. c3 Nc6 5. Nf3 Qb6 6. a3 Bd7 7. b4 cxd4 8. cxd4 Rc8
9. Be2 Nge7 10. O-O Nf5 11. Bb2 Be7 12. Qd2 O-O 13. Rd1 f6 14. g4 Nh6 15. exf6
Rxf6 16. g5 Rg6 17. h4 Qd8 18. Bc1 Nf5 19. h5 Ncxd4 20. hxg6 Rc2 21. gxh7+ Kh8
22. Nxd4 Rxd2 23. Rxd2 Bxg5 24. Nxf5 exf5 25. Kf1 Qc7 26. Bb2 Bxd2 27. Nxd2 Qc2
28. Bc1 d4 29. Ke1 d3 30. Bd1 Qc3 31. Rb1 Qe5+ 32. Kf1 f4 33. Nf3 Bh3+ 34. Kg1
Qe4 35. Kh2 d2 36. Ra1 dxc1=Q 37. Rxc1 Bd7 38. Rc2 Qxh7+ 39. Kg1 Qg6+ 40. Kf1
Bb5+ 41. Ke1 Qe4+ 42. Kd2 Qd3+ 43. Ke1 Qxa3 0-1

[Event "Vietnam National Masters Men 2012"]
[Site "Ho Chi Minh City VIE"]
[Date "2012.12.02"]
[Round "5.8"]
[White "Doan Van Duc"]
[Black "Pham,X"]
[Result "0-1"]
[WhiteElo "2116"]
[BlackElo "2232"]
[WhiteFideId "12400335"]
[BlackFideId "12401307"]
[EventDate "2012.11.29"]

1. Nf3 c5 2. c4 Nc6 3. g3 g6 4. Bg2 Bg7 5. Nc3 b6 6. d4 cxd4 7. Nb5 Bb7 8. O-O
a6 9. Nbxd4 Nxd4 10. Nxd4 Bxg2 11. Kxg2 Rc8 12. Be3 Rxc4 13. Qd3 b5 14. a4 e5
15. axb5 Rc8 16. Nb3 axb5 17. Bc5 Bf8 18. Bxf8 Kxf8 19. Qxb5 d6 20. Rfd1 Nf6 21.
Ra7 Kg7 22. Na5 d5 23. b4 Qd6 24. Qb7 Rhf8 25. b5 Rb8 26. Qc6 Qb4 27. Nb7 Qe4+
28. Kg1 Qxe2 29. Rf1 d4 30. Nd6 Rbd8 31. b6 d3 32. b7 Qg4 33. Ra8 d2 34. Raa1
Qh3 35. Nc8 e4 36. Qxf6+ Kxf6 37. b8=Q Qxc8 38. Qb2+ Kg5 39. Rfd1 Qc5 40. Rxd2
e3 41. Re2 Rfe8 42. fxe3 Rxe3 43. Rxe3 Qxe3+ 44. Kh1 Rd2 45. Qb5+ f5 46. Qf1
Qe4+ 47. Kg1 Qd4+ 48. Kh1 h5 49. Rb1 Qe4+ 50. Kg1 Rg2+ 51. Qxg2 Qxb1+ 52. Kf2
Qc2+ 53. Kg1 Qd1+ 54. Kf2 Qd2+ 55. Kf1 Qxg2+ 56. Kxg2 h4 57. Kh3 hxg3 58. hxg3
Kf6 59. Kh4 g5+ 60. Kh5 g4 61. Kh4 Ke5 62. Kh5 Ke4 63. Kg5 Kf3 64. Kh4 Kg2 0-1

[Event "Vietnam National Masters Men 2012"]
[Site "Ho Chi Minh City VIE"]
[Date "2012.12.02"]
[Round "5.9"]
[White "Tran,Minh Thang"]
[Black "Ton,T"]
[Result "0-1"]
[BlackTitle "IM"]
[WhiteElo "2096"]
[BlackElo "2209"]
[WhiteFideId "12401080"]
[BlackFideId "12401439"]
[EventDate "2012.11.29"]

1. d4 Nf6 2. Bf4 g6 3. Nf3 Bg7 4. Nc3 d6 5. e4 c6 6. Qd2 b5 7. a3 Nbd7 8. Bh6
Bxh6 9. Qxh6 Qa5 10. b4 Qb6 11. Bd3 e5 12. dxe5 Ng4 13. Qg7 Qxf2+ 14. Kd1 Rf8
15. Kc1 Ndxe5 16. Nxe5 Nxe5 17. Bxb5 cxb5 18. Nd5 Be6 19. Nc7+ Kd7 20. Nxa8 Rc8 0-1

[Event "Vietnam National Masters Men 2012"]
[Site "Ho Chi Minh City VIE"]
[Date "2012.12.02"]
[Round "5.11"]
[White "Le,Cong Cuong"]
[Black "Le Thanh Tai"]
[Result "0-1"]
[BlackTitle "CM"]
[WhiteElo "2113"]
[BlackElo "1943"]
[WhiteFideId "12403504"]
[BlackFideId "12402192"]
[EventDate "2012.11.29"]

1. e4 c5 2. Nf3 Nc6 3. d4 cxd4 4. Nxd4 g6 5. Nc3 Bg7 6. Be3 Nf6 7. Be2 O-O 8.
O-O d5 9. exd5 Nxd5 10. Nxd5 Qxd5 11. Bf3 Qa5 12. Nxc6 bxc6 13. c3 Rb8 14. Qc1
Qc7 15. Re1 e5 16. Bc5 Rd8 17. b4 Ba6 18. Qa3 Qb7 19. Rad1 Rxd1 20. Rxd1 Re8 21.
g3 Bf8 22. Be3 e4 23. Bg2 Bd3 24. Qa5 Bg7 25. Rc1 a6 26. a4 Qd7 27. h4 Be5 28.
Qc5 Qe6 29. Kh2 Bd6 30. Qb6 Rb8 31. Qd4 c5 32. bxc5 Be5 33. Bh3 Bxd4 34. Bxe6
Bxe3 35. Bxf7+ Kxf7 36. fxe3 Ke6 37. Kh3 Kd5 38. Kg4 h6 39. Re1 Rf8 40. c4+ Kxc5
41. a5 Bxc4 42. Kh3 0-1

[Event "Vietnam National Masters Men 2012"]
[Site "Ho Chi Minh City VIE"]
[Date "2012.12.02"]
[Round "6.2"]
[White "Vo Thanh Ninh"]
[Black "Nguyen Van Huy"]
[Result "1/2-1/2"]
[BlackTitle "IM"]
[WhiteElo "2306"]
[BlackElo "2505"]
[WhiteFideId "12402141"]
[BlackFideId "12401064"]
[EventDate "2012.11.29"]

1. d4 Nf6 2. Nf3 d5 3. c4 e6 4. Nc3 Bb4 5. e3 O-O 6. Bd2 b6 7. Be2 Bb7 8. O-O
Be7 9. cxd5 exd5 10. Qa4 a6 11. Rfd1 Bd6 12. Rac1 Nbd7 13. Nh4 g6 14. Nf3 Qe7
15. Qb3 Rab8 16. Be1 Rfd8 17. Nd2 c5 18. a4 Bc7 19. Qa2 Nf8 20. Nf3 Ne6 21. b3
Rbc8 22. Bf1 Bb8 23. g3 cxd4 24. Nxd4 Nxd4 25. exd4 Ne4 26. Bg2 Bd6 27. Ne2 Rxc1
28. Rxc1 Rc8 29. Rxc8+ Bxc8 30. Qc2 Bf5 31. Qd1 Qc7 32. Qc1 Qxc1 33. Nxc1 Nf6
34. a5 bxa5 35. Bxa5 Ba3 36. Bd8 1/2-1/2

[Event "Vietnam National Masters Men 2012"]
[Site "Ho Chi Minh City VIE"]
[Date "2012.12.02"]
[Round "6.3"]
[White "Tran Tuan Minh"]
[Black "Nguyen Duc Hoa"]
[Result "1-0"]
[WhiteTitle "FM"]
[BlackTitle "IM"]
[WhiteElo "2258"]
[BlackElo "2503"]
[WhiteFideId "12401820"]
[BlackFideId "12401358"]
[EventDate "2012.11.29"]

1. d4 Nf6 2. Nf3 g6 3. c4 Bg7 4. Nc3 d5 5. e3 O-O 6. Be2 dxc4 7. O-O c5 8. Bxc4
cxd4 9. exd4 Bg4 10. h3 Bxf3 11. Qxf3 Nc6 12. Rd1 Qb6 13. d5 Ne5 14. Qe2 Nxc4
15. Qxc4 Rfd8 16. Na4 Qa5 17. Nc3 Rac8 18. Qb3 Rd7 19. Bg5 Rcd8 20. Rd4 Nxd5 21.
Rxd5 Rxd5 22. Bxe7 Rd2 23. Bxd8 Qxd8 24. Qxb7 Bd4 25. Rf1 Bb6 26. Qf3 Qd4 27.
Ne4 Rxb2 28. Rd1 Qe5 29. Nf6+ Kh8 30. Ng4 Qg7 31. Re1 h5 32. Nf6 Bc5 33. Re8+
Bf8 34. Nd7 Rb1+ 35. Kh2 f5 36. Rxf8+ Kh7 37. Nf6+ Kh6 38. Qf4+ g5 39. Qxf5 1-0

[Event "Vietnam National Masters Men 2012"]
[Site "Ho Chi Minh City VIE"]
[Date "2012.12.02"]
[Round "6.4"]
[White "Cao,S"]
[Black "Nguyen Van Hai"]
[Result "1-0"]
[WhiteTitle "GM"]
[BlackTitle "FM"]
[WhiteElo "2497"]
[BlackElo "2356"]
[WhiteFideId "725056"]
[BlackFideId "12400122"]
[EventDate "2012.11.29"]

1. e4 e6 2. d4 d5 3. Nc3 dxe4 4. Nxe4 Nd7 5. Nf3 Ngf6 6. Nxf6+ Nxf6 7. c3 c5 8.
Bg5 cxd4 9. Bb5+ Bd7 10. Bxf6 gxf6 11. Nxd4 Bxb5 12. Nxb5 a6 13. Nd4 Bc5 14. Qf3
Qe7 15. Nc6 Bxf2+ 16. Kxf2 1-0

[Event "Vietnam National Masters Men 2012"]
[Site "Ho Chi Minh City VIE"]
[Date "2012.12.02"]
[Round "6.5"]
[White "Pham Duc Thang"]
[Black "Hoang Canh Huan"]
[Result "0-1"]
[WhiteTitle "FM"]
[BlackTitle "FM"]
[WhiteElo "2206"]
[BlackElo "2391"]
[WhiteFideId "12401420"]
[BlackFideId "12400599"]
[EventDate "2012.11.29"]

1. d4 g6 2. Nf3 Bg7 3. e4 d6 4. Bc4 e6 5. Nc3 Nd7 6. O-O Ne7 7. Bf4 a6 8. a3 b5
9. Ba2 Bb7 10. Qd2 h6 11. h3 Nb6 12. d5 e5 13. Be3 f5 14. Nh2 f4 15. Bxb6 cxb6
16. a4 bxa4 17. Nxa4 b5 18. Nc3 g5 19. f3 h5 20. Nd1 Qb6+ 21. Qf2 Qd8 22. c4 Bc8
23. Nc3 g4 24. fxg4 hxg4 25. hxg4 Bf6 26. Ne2 Ng6 27. c5 Ra7 28. g3 Rah7 29. Nf3
Bxg4 30. gxf4 Rh1+ 31. Kg2 Bxf3+ 32. Kxf3 R8h3+ 33. Ng3 R1h2 0-1

[Event "Vietnam National Masters Men 2012"]
[Site "Ho Chi Minh City VIE"]
[Date "2012.12.02"]
[Round "6.7"]
[White "Ton,T"]
[Black "Tran Ngoc Thach"]
[Result "1/2-1/2"]
[WhiteTitle "IM"]
[WhiteElo "2209"]
[BlackElo "2174"]
[WhiteFideId "12401439"]
[BlackFideId "12400416"]
[EventDate "2012.11.29"]

1. d4 Nf6 2. c4 e6 3. g3 d5 4. Nf3 c6 5. Bg2 Nbd7 6. Qc2 Bd6 7. O-O O-O 8. Nbd2
Qe7 9. e4 Nxe4 10. Nxe4 dxe4 11. Qxe4 Re8 12. Ne5 f6 13. Nxc6 bxc6 14. Qxc6 Rb8
15. c5 Nxc5 16. dxc5 Bxc5 17. Qa4 Bb7 18. Bxb7 Rxb7 19. a3 e5 20. b4 Bb6 21. Be3
Bxe3 22. Qb3+ Qe6 23. Qxe3 a6 24. Rac1 Rd7 25. Rfd1 Rxd1+ 26. Rxd1 Rc8 27. Qa7
Qg4 28. Qd7 Qxd7 29. Rxd7 Rc1+ 30. Kg2 Ra1 31. Ra7 Rxa3 32. b5 Rb3 33. bxa6 Ra3
34. Kf1 Ra2 35. h4 h5 36. Kg2 e4 37. Kf1 Kh7 1/2-1/2

[Event "Vietnam National Masters Men 2012"]
[Site "Ho Chi Minh City VIE"]
[Date "2012.12.02"]
[Round "6.8"]
[White "Duong The Anh"]
[Black "Nguyen Thanh Nghia"]
[Result "1/2-1/2"]
[WhiteTitle "IM"]
[WhiteElo "2368"]
[BlackElo "2114"]
[WhiteFideId "12401277"]
[BlackFideId "12401870"]
[EventDate "2012.11.29"]

1. Nf3 Nf6 2. d4 d5 3. c4 e6 4. Nc3 Be7 5. Bg5 c6 6. e3 O-O 7. Qc2 Nbd7 8. Rd1
b6 9. Bd3 Bb7 10. cxd5 cxd5 11. O-O a6 12. a4 Rc8 13. Qe2 Ne4 14. Bxe7 Qxe7 15.
Na2 Nd6 16. Rc1 a5 17. Rfd1 Nb8 18. h3 Bc6 19. Nc3 Rfd8 20. Qc2 g6 21. Qb3 Qb7
22. Ne5 Be8 23. Nb5 Nc6 24. Nxd6 Rxd6 25. Bb5 Nxe5 26. dxe5 Rdd8 27. Rxc8 Rxc8
28. Bxe8 Rxe8 29. Rc1 Kg7 30. Qb5 Rc8 31. Rxc8 Qxc8 32. Qxb6 Qc1+ 33. Kh2 Qd2
34. Kg3 h5 35. h4 g5 36. Qd8 gxh4+ 37. Qxh4 Qxb2 38. Qxh5 Qb4 39. Qg4+ Kf8 40.
Qd4 Qb1 41. f3 Qg6+ 42. Kh2 Qh7+ 43. Kg3 Qg6+ 44. Qg4 Qc2 45. Qh4 Qc3 46. Qd4
Qc2 47. e4 dxe4 48. Qxe4 Qxe4 49. fxe4 Kg7 50. Kf4 Kg6 51. Kg4 Kh6 52. Kf4 Kh5
53. g3 Kg6 54. Ke3 Kg5 55. Kf3 Kh5 56. Kf4 Kg6 1/2-1/2

[Event "Vietnam National Masters Men 2012"]
[Site "Ho Chi Minh City VIE"]
[Date "2012.12.02"]
[Round "6.9"]
[White "Tran,Minh Thang"]
[Black "Doan Van Duc"]
[Result "1-0"]
[WhiteElo "2096"]
[BlackElo "2116"]
[WhiteFideId "12401080"]
[BlackFideId "12400335"]
[EventDate "2012.11.29"]

1. d4 Nf6 2. Bf4 e6 3. e3 b6 4. c3 Bb7 5. Nd2 d6 6. Ngf3 Nh5 7. Bg3 Nd7 8. a4 a6
9. Bd3 g6 10. Bh4 Be7 11. Bxe7 Qxe7 12. O-O O-O 13. Qb3 e5 14. Be2 Rab8 15. Qa3
Ng7 16. dxe5 Nxe5 17. a5 Nxf3+ 18. Nxf3 Bxf3 19. Bxf3 bxa5 20. Ra2 Rb5 21. Be2
Rg5 22. Rd1 Nf5 23. Bf1 Rb8 24. Qa4 Rb6 25. Rd5 Nh4 26. Qxa5 Rb5 27. Rxg5 Qxg5
28. Qxc7 Rd5 29. Qc8+ Kg7 30. f4 Qe7 31. Qh3 Nf5 32. Qf3 Rd2 33. e4 Qa7+ 34. Kh1
Rf2 35. Qd3 Ne3 36. Ra1 Rxf4 37. Be2 Rf2 38. Bf3 Qb6 39. b4 Rb2 40. h3 Nc2 41.
Rc1 Qf2 42. c4 Nxb4 43. Qxd6 a5 44. c5 Rc2 45. Qe5+ Kh6 46. Rxc2 Qxc2 47. Qd6 a4
48. h4 Kg7 49. Qd4+ Kg8 50. Qxb4 Qc1+ 51. Kh2 a3 52. Qb3 Qb2 53. Bd1 Qe5+ 54.
Kh3 Qxc5 55. Be2 Kg7 56. Bc4 f5 57. Qc3+ Kh6 58. exf5 Qxf5+ 59. g4 Qc8 60. Qxa3
Qd8 61. Qe3+ Kg7 62. Qe5+ Kf8 63. Qh8+ 1-0

[Event "Vietnam National Masters Men 2012"]
[Site "Ho Chi Minh City VIE"]
[Date "2012.12.02"]
[Round "6.11"]
[White "Duong,Thu"]
[Black "Le,Cong Cuong"]
[Result "1-0"]
[WhiteElo "2018"]
[BlackElo "2113"]
[WhiteFideId "12402443"]
[BlackFideId "12403504"]
[EventDate "2012.11.29"]

1. e4 c5 2. Nf3 Nc6 3. c3 d5 4. exd5 Qxd5 5. d4 cxd4 6. cxd4 e6 7. Nc3 Bb4 8.
Be2 Nge7 9. O-O Qd8 10. a3 Bd6 11. b4 O-O 12. Bb2 Nd5 13. Nxd5 exd5 14. Ne5 Ne7
15. Re1 Bf5 16. Qb3 Rc8 17. Rac1 Bb8 18. a4 f6 19. Nd3 Rxc1 20. Rxc1 b6 21. Bf3
Kh8 22. b5 Qd6 23. g3 Rd8 24. Nb4 Be6 25. Na6 1-0

[Event "Vietnam National Masters Men 2012"]
[Site "Ho Chi Minh City VIE"]
[Date "2012.12.03"]
[Round "7.1"]
[White "Hoang Canh Huan"]
[Black "Nguyen Hoang Nam1"]
[Result "0-1"]
[WhiteTitle "FM"]
[BlackTitle "CM"]
[WhiteElo "2391"]
[BlackElo "2263"]
[WhiteFideId "12400599"]
[BlackFideId "12402133"]
[EventDate "2012.11.29"]

1. Nf3 Nf6 2. g3 b5 3. Bg2 Bb7 4. O-O e6 5. d3 Be7 6. e4 d6 7. a4 b4 8. a5 c5 9.
c3 O-O 10. Re1 d5 11. e5 Nfd7 12. Nbd2 Qc7 13. Nf1 Ba6 14. Bf4 Nc6 15. Ne3 Qd8
16. c4 d4 17. Nd5 exd5 18. cxd5 Ncxe5 19. Bxe5 Nf6 20. Bxf6 Bxf6 21. Qb3 Rc8 22.
Nd2 Be7 23. Qc2 Re8 24. b3 Bf8 25. Rxe8 Qxe8 26. Nc4 Rd8 27. Qd2 Rd7 28. Re1 Re7
29. Rxe7 Qxe7 30. Bf3 Qd8 31. Qa2 Bb5 32. Kg2 g6 33. Qa1 Bd6 34. Qa2 h5 35. Qa1
Bc7 36. Qc1 Kg7 37. Be4 Qf6 38. Nd2 Qd6 39. Nc4 Qe7 40. Bf3 Qf6 41. Be4 h4 42.
Kg1 h3 43. Nd2 Qe7 44. Qf1 Bxa5 45. Bf3 Bc7 46. Bg4 Qg5 47. Qd1 Qxd5 48. Bxh3
Bxd3 49. Bg2 Qe6 50. Bf3 a5 51. Qc1 Bd6 52. Qd1 Bc7 53. Qc1 Bb6 54. Qa1 Kh7 55.
Kg2 Bb5 56. h4 Bc6 57. Nc4 Bxf3+ 58. Kxf3 Bc7 59. Qa2 Qf5+ 60. Kg2 Qe4+ 61. Kg1
Qe1+ 62. Kg2 d3 63. Qa4 Qe6 64. Qa1 Qd5+ 65. Kh3 d2 66. Qd1 0-1

[Event "Vietnam National Masters Men 2012"]
[Site "Ho Chi Minh City VIE"]
[Date "2012.12.03"]
[Round "7.2"]
[White "Nguyen Van Huy"]
[Black "Tran Tuan Minh"]
[Result "1/2-1/2"]
[WhiteTitle "IM"]
[BlackTitle "FM"]
[WhiteElo "2505"]
[BlackElo "2258"]
[WhiteFideId "12401064"]
[BlackFideId "12401820"]
[EventDate "2012.11.29"]

1. d4 Nf6 2. Nf3 d5 3. c4 e6 4. g3 dxc4 5. Bg2 c6 6. Ne5 Bb4+ 7. Nc3 Nd5 8. Bd2
Nb6 9. Ne4 Be7 10. Ba5 O-O 11. Nxc4 c5 12. Qb3 cxd4 13. Nxb6 axb6 14. Bxb6 Qd7
15. Nc5 Bxc5 16. Bxc5 Re8 17. O-O Ra5 18. Qb4 Ra4 19. Qd2 e5 20. b3 Ra6 21. a4
b6 22. Ba3 Bb7 1/2-1/2

[Event "Vietnam National Masters Men 2012"]
[Site "Ho Chi Minh City VIE"]
[Date "2012.12.03"]
[Round "7.3"]
[White "Bao Khoa"]
[Black "Vo Thanh Ninh"]
[Result "0-1"]
[WhiteTitle "IM"]
[WhiteElo "2279"]
[BlackElo "2306"]
[WhiteFideId "12401501"]
[BlackFideId "12402141"]
[EventDate "2012.11.29"]

1. d4 Nf6 2. c4 e6 3. Nc3 d5 4. Nf3 Bb4 5. Qa4+ Nc6 6. Ne5 Bd7 7. Nxc6 Bxc3+ 8.
bxc3 Bxc6 9. Qb3 O-O 10. Bf4 a5 11. c5 a4 12. Qb4 Rb8 13. e3 b6 14. Bd3 bxc5 15.
Qxc5 Qd7 16. O-O Bb5 17. Bxb5 Rxb5 18. Qxc7 Qxc7 19. Bxc7 Ne4 20. f3 Nxc3 21.
Bd6 Rc8 22. Bc5 Ne2+ 23. Kf2 Rb2 24. Rfb1 Rcb8 25. Rxb2 Rxb2 26. Ba3 Rc2 27. Ke1
Nc3 28. Rc1 Rxc1+ 29. Bxc1 f6 30. Kd2 Nb5 31. Kd3 Kf7 32. Bd2 f5 33. Bb4 Ke8 34.
g4 fxg4 35. fxg4 Kf7 36. Ke2 Kf6 37. h4 e5 38. dxe5+ Kxe5 39. Kd3 g6 40. Bf8 h5
41. Bg7+ Ke6 42. gxh5 gxh5 43. e4 dxe4+ 44. Kxe4 Nd6+ 45. Kd3 Nf5 46. Bf8 Nxh4
47. Bc5 Kd5 48. Bg1 Nf5 49. Bh2 h4 50. Bf4 h3 51. Bh2 Nh6 52. Bg1 Ng4 53. Kc3
Ke5 0-1

[Event "Vietnam National Masters Men 2012"]
[Site "Ho Chi Minh City VIE"]
[Date "2012.12.03"]
[Round "7.4"]
[White "Nguyen Duc Hoa"]
[Black "Cao,S"]
[Result "1/2-1/2"]
[WhiteTitle "IM"]
[BlackTitle "GM"]
[WhiteElo "2503"]
[BlackElo "2497"]
[WhiteFideId "12401358"]
[BlackFideId "725056"]
[EventDate "2012.11.29"]

1. d4 Nf6 2. c4 e6 3. Nf3 d5 4. g3 Bb4+ 5. Bd2 Bxd2+ 6. Nbxd2 O-O 7. Bg2 Nbd7 8.
Qc2 c6 9. O-O Qe7 10. e4 dxe4 11. Nxe4 Nxe4 12. Qxe4 c5 13. Rad1 Rd8 14. Ne5 Nf6
15. Qe3 cxd4 16. Rxd4 Rxd4 17. Qxd4 Ne8 18. c5 f6 19. Nc4 e5 20. Qd5+ Kf8 21.
Nd6 Rb8 22. Nxe8 Be6 23. Qe4 1/2-1/2

[Event "Vietnam National Masters Men 2012"]
[Site "Ho Chi Minh City VIE"]
[Date "2012.12.03"]
[Round "7.5"]
[White "Nguyen Tan Thinh"]
[Black "Duong The Anh"]
[Result "0-1"]
[BlackTitle "IM"]
[WhiteElo "1919"]
[BlackElo "2368"]
[WhiteFideId "12403458"]
[BlackFideId "12401277"]
[EventDate "2012.11.29"]

1. e4 c5 2. Nf3 d6 3. d4 cxd4 4. Nxd4 Nf6 5. Nc3 a6 6. Be3 e5 7. Nb3 Be6 8. Be2
Be7 9. a4 Nc6 10. O-O O-O 11. Kh1 Rc8 12. f4 exf4 13. Bxf4 Ne5 14. Nd4 Re8 15.
Qe1 Qb6 16. Nxe6 fxe6 17. b3 Qd4 18. Bxe5 Qxe5 19. Rf3 d5 20. exd5 Bd6 21. Qg3
exd5 22. Rc1 Rxc3 23. Rxc3 Qxe2 0-1

[Event "Vietnam National Masters Men 2012"]
[Site "Ho Chi Minh City VIE"]
[Date "2012.12.03"]
[Round "7.6"]
[White "Nguyen Van Hai"]
[Black "Pham,X"]
[Result "1-0"]
[WhiteTitle "FM"]
[WhiteElo "2356"]
[BlackElo "2232"]
[WhiteFideId "12400122"]
[BlackFideId "12401307"]
[EventDate "2012.11.29"]

1. e4 e5 2. Nf3 Nc6 3. Bc4 Nf6 4. d3 Be7 5. c3 O-O 6. O-O d5 7. exd5 Nxd5 8. Re1
Bg4 9. Nbd2 Nb6 10. Bb5 f6 11. Bxc6 bxc6 12. d4 exd4 13. Qb3+ Kh8 14. Nxd4 Qd7
15. h3 Bh5 16. Qe6 Bd6 17. Qxd7 Nxd7 18. Nc4 Rfe8 19. Rxe8+ Rxe8 20. Be3 c5 21.
Nb5 Rb8 22. Nxa7 Bf7 23. Nxd6 cxd6 24. a4 Rxb2 25. Nc8 d5 26. a5 d4 27. cxd4 c4
28. a6 Rb8 29. Nd6 Bd5 30. a7 Rf8 31. Ra5 Ba8 32. Nxc4 Kg8 33. Nd6 Rd8 34. Bd2
Nb6 35. Bb4 Nc8 36. Nxc8 Rxc8 37. Rb5 Kf7 38. Rb8 Re8 39. f4 Bd5 40. Kf2 Bc6 41.
Bc5 Bd5 42. f5 h5 43. g4 hxg4 44. hxg4 Bc6 45. Bd6 Bd5 46. Kg3 Bc6 47. Kh4 Be4
48. g5 fxg5+ 49. Kxg5 Rg8 50. Bc7 Bh1 51. Bd8 g6 52. a8=Q gxf5+ 53. Kxf5 Bxa8
54. Rxa8 1-0